| 000 | 00781nam a2200241Ia 4500 | ||
|---|---|---|---|
| 003 | OSt | ||
| 005 | 20220926015137.0 | ||
| 006 | a|||||r|||| 00| 0 | ||
| 007 | ta | ||
| 008 | 220923b |||||||| |||| 00| 0 eng d | ||
| 020 |
_a9780198295723 _c3524 |
||
| 037 |
_b002/2012-13, 12/06/2012, PIONEER BOOK DISTRIBUTORS _cGeneral Book |
||
| 040 |
_aRTL _cRTL _beng |
||
| 041 |
_2eng _aeng |
||
| 082 | _aY, P0 | ||
| 100 |
_aGoldthorpe John H _9137950 |
||
| 245 | 0 |
_aSociology _bNumbers, Narratives, and the integration of reseach and theory |
|
| 260 |
_aNew York _bOxford _c2000 |
||
| 300 |
_avi,337p. _ccm. |
||
| 650 | _aSociology | ||
| 942 |
_hY, P0 _cGB _2CC |
||
| 999 |
_c630669 _d630669 |
||